| 000 | 01102cam a22003257a 4500 | ||
|---|---|---|---|
| 001 | 15996082 | ||
| 003 | OSt | ||
| 005 | 20150408114025.0 | ||
| 008 | 091124r20092005enk 001 0 eng | ||
| 010 | _a 2009517878 | ||
| 015 |
_aGBA961802 _2bnb |
||
| 016 | 7 |
_a015296728 _2Uk |
|
| 020 | _a9780521139984 (pbk.) | ||
| 020 | _a0521139988 (pbk.) | ||
| 035 | _a(OCoLC)ocn416255744 | ||
| 040 |
_aUKM _cUKM _dYDXCP _dDLC |
||
| 042 | _alccopycat | ||
| 050 | 0 | 0 |
_aTA357.5.M84 _bB76 2009 |
| 082 | 0 | 4 |
_a620.1064 _222 |
| 100 | 1 |
_aBrennen, Christopher E. _q(Christopher Earls), _d1941- _913132 |
|
| 245 | 1 | 0 |
_aFundamentals of multiphase flow / _cChristopher Brennen. |
| 250 | _a1st pbk. ed. | ||
| 260 |
_aCambridge, UK ; _aNew York : _bCambridge University Press, _c2009. |
||
| 300 |
_a345 p. ; _c26 cm. |
||
| 500 | _aOriginally published: 2005. | ||
| 504 | _aIncludes bibliographical references and index. | ||
| 650 | 0 |
_aMultiphase flow. _912013 |
|
| 942 |
_2ddc _cBOOK |
||
| 999 |
_c22301 _d256801 |
||